00366pab a2200133 454500008004000000100002000040245005700060260000900117300001600126362000800142650003200150700002100182773002900203180718b2006 xxu||||| |||| 00| 0 eng d aMaggi, Giovanni aSelf-enforcing voting in international organizations c2006 ap.1137-158. aSep aInternational organizations aMorelli, Massimo aAmerican Economic Review